The Northernmost Countries and Dependencies - Statistics

General Stats
  • This quiz has been taken 31 times
  • The average score is 25 of 30
Answer Stats
Country % Correct
Canada
100%
Finland
100%
Iceland
100%
Norway
100%
Sweden
100%
United States
100%
Denmark
96%
Russia
96%
United Kingdom
96%
Estonia
92%
Germany
92%
Ireland
92%
Lithuania
92%
Netherlands
92%
Poland
92%
Belgium
88%
France
88%
Latvia
88%
Belarus
84%
Greenland
84%
Ukraine
84%
Czechia
80%
Austria
76%
Luxembourg
76%
Kazakhstan
72%
Slovakia
72%
China
64%
Hungary
64%
Faroe Islands
56%
Åland
28%
No matching quizzes found
Score Distribution
Percent of People with Each Score
Percentile by Number Answered
Your Score History
You have not taken this quiz